Cost management in lean manufacturing enterprises (Record no. 71791)

MARC details
000 -LEADER
fixed length control field 00916cam a2200181 4500
001 - CONTROL NUMBER
control field ABS66282
008 - FIXED-LENGTH DATA ELEMENTS--GENERAL INFORMATION
fixed length control field 021217n2002 000 0 eng u
035 ## - SYSTEM CONTROL NUMBER
System control number (Sirsi) u120811
100 ## - MAIN ENTRY--PERSONAL NAME
Personal name Creese, R
245 ## - TITLE STATEMENT
Title Cost management in lean manufacturing enterprises
260 ## - PUBLICATION, DISTRIBUTION, ETC.
Date of publication, distribution, etc. 2002
490 ## - SERIES STATEMENT
Series statement Cost Engineer
Volume/sequential designation 40(5) November 2002, 16-21(6)
520 ## - SUMMARY, ETC.
Summary, etc. Overviews integrated cost management techniques. Breaksdown the 'survival triplet' of cost/price, functionality and quality in a definition of survival zones for successful products. Concludes that the most important characteristic is management of the cost/price system, as most current systems fail to manage the costs in the product design stage, where most of the product costs are committed, or manage the costs of components from suppliers.
590 ## - LOCAL NOTE (RLIN)
Local note ABS
650 ## - SUBJECT ADDED ENTRY--TOPICAL TERM
Topical term or geographic name entry element Cost management
9 (RLIN) 6233
690 ## - LOCAL SUBJECT ADDED ENTRY--TOPICAL TERM (OCLC, RLIN)
Topical term or geographic name as entry element Project management
9 (RLIN) 6261
942 ## - ADDED ENTRY ELEMENTS (KOHA)
Suppress in OPAC 0
Holdings
Withdrawn status Lost status Source of classification or shelving scheme Damaged status Not for loan Home library Current library Shelving location Date acquired Total Checkouts Full call number Barcode Date last seen Copy number Price effective from Koha item type
    Dewey Decimal Classification     London London Journal article 17/12/2002   ABS66282 120811-1001 06/08/2019 1 06/08/2019 Journal article